| Tag |
First Indicator |
Second Indicator |
Subfields |
| LEADER |
00000cam a2200000W 4500 |
| 001 |
in00000329021 |
| 005 |
20151011050317.0 |
| 008 |
750210s1974 cn 00000 eng d |
| 035 |
|
|
|a (OCoLC)01218800
|
| 035 |
|
|
|9 ABK0191AM
|
| 040 |
|
|
|a DLC
|c DLC
|d TXA
|d UtOrBLW
|
| 049 |
|
|
|a TXAM
|c [1133984]
|
| 090 |
|
|
|a AG600
|b .W4 1974
|
| 100 |
1 |
|
|a Weisinger, Mort,
|d 1915-
|
| 245 |
1 |
0 |
|a 1001 valuable things you can get free /
|c Research by Hendrie Davis Weisinger.
|
| 250 |
|
|
|a 9th ed.
|
| 264 |
|
1 |
|a Toronto,
|a New York :
|b Bantam Books,
|c [1974]
|
| 264 |
|
4 |
|c [©1974]
|
| 300 |
|
|
|a viii, 184 pages
|
| 336 |
|
|
|a text
|b txt
|2 rdacontent
|
| 337 |
|
|
|a unmediated
|b n
|2 rdamedia
|
| 338 |
|
|
|a volume
|b nc
|2 rdacarrier
|
| 650 |
|
0 |
|a Free material.
|
| 999 |
|
|
|a MARS
|
| 999 |
f |
f |
|s 71b61f8a-2646-3fe0-9bce-ed227c4475c9
|i 9ef1eb45-237b-369a-9049-d34b96f8ee30
|t 0
|
| 952 |
f |
f |
|p ric
|a Texas A&M University
|b Rellis Campus
|c Joint Library Facility
|d Remote Storage
|t 0
|e AG600 .W4 1974
|h Library of Congress classification
|i unmediated -- volume
|m A14801574229
|
| 998 |
f |
f |
|a AG600 .W4 1974
|t 0
|l Remote Storage
|